Proceedings of the international seminar on construction of knowledge (Record no. 909670)

MARC details
000 -LEADER
fixed length control field 00794nam a2200265Ia 4500
003 - CONTROL NUMBER IDENTIFIER
control field OSt
005 - DATE AND TIME OF LATEST TRANSACTION
control field 20221002044127.0
008 - FIXED-LENGTH DATA ELEMENTS--GENERAL INFORMATION
fixed length control field 220930b |||||||| |||| 00| 0 eng d
020 ## - INTERNATIONAL STANDARD BOOK NUMBER
International Standard Book Number 8175256192 (PBK)
037 ## - SOURCE OF ACQUISITION
Terms of availability Reference Collections
040 ## - CATALOGING SOURCE
Original cataloging agency CRL
Transcribing agency CRL
Language of cataloging eng
041 ## - LANGUAGE CODE
Source of code eng
Language code of text/sound track or separate title eng
100 ## - MAIN ENTRY--PERSONAL NAME
Personal name Bagchi Tista Ed.
9 (RLIN) 569023
245 #0 - TITLE STATEMENT
Title Proceedings of the international seminar on construction of knowledge
260 ## - PUBLICATION, DISTRIBUTION, ETC.
Place of publication, distribution, etc. Udaipur
Name of publisher, distributor, etc. Vidya Bhawan Society India
Date of publication, distribution, etc. 2005
300 ## - PHYSICAL DESCRIPTION
Extent 196p.
Dimensions cm.
650 ## - SUBJECT ADDED ENTRY--TOPICAL TERM
Topical term or geographic name entry element EDUCATION
700 ## - ADDED ENTRY--PERSONAL NAME
Personal name Agnihotri R.K. Ed.
9 (RLIN) 569024
942 ## - ADDED ENTRY ELEMENTS (KOHA)
Classification part T:3, P5(RR)
Koha item type
Source of classification or shelving scheme Colon Classification (CC)

No items available.

Copyright @ Delhi University Library System